Suy nhĩ về văn học Tiểu luận và phê bình
Suy nghĩ và trao đổi về một số vấn đề có ý nghĩa thời sự trong sáng tác, lý luận phê bình và nghiên cứu văn học giai đoạn 1964-1978. Một số bài viết, phê bình đối với từng tác giả riêng biệt
Đã lưu trong:
| Tác giả chính: | |
|---|---|
| Định dạng: | Sách |
| Ngôn ngữ: | Vietnamese |
| Được phát hành: |
H.
Văn học
1979
|
| Những chủ đề: | |
| Các nhãn: |
Thêm thẻ
Không có thẻ, Là người đầu tiên thẻ bản ghi này!
|
| Thư viện lưu trữ: | Mạng thư viện Đại học Đà Nẵng |
|---|
| LEADER | 01043nam a2200301 4500 | ||
|---|---|---|---|
| 001 | 000003980 | ||
| 003 | 108 | ||
| 005 | 20121211001232.0 | ||
| 008 | 110713s1979 viesd | ||
| 020 | |c 14000 | ||
| 041 | 0 | |a vie | |
| 082 | |a 895.922 |b NGU | ||
| 100 | 0 | |a Nguyễn Văn Hạnh | |
| 245 | 0 | |a Suy nhĩ về văn học |b Tiểu luận và phê bình |c Nguyễn Văn Hạnh | |
| 260 | |a H. |b Văn học |c 1979 | ||
| 300 | |a 203tr |c 19cm | ||
| 520 | |a Suy nghĩ và trao đổi về một số vấn đề có ý nghĩa thời sự trong sáng tác, lý luận phê bình và nghiên cứu văn học giai đoạn 1964-1978. Một số bài viết, phê bình đối với từng tác giả riêng biệt | ||
| 653 | |a Nghiên cứu văn học | ||
| 653 | |a Việt Nam | ||
| 910 | |a Nguyễn Trường Khánh |d 17/07/2011 | ||
| OWN | |a LSP | ||
| 999 | |a From the UDN01 | ||
| TYP | |a Monograph | ||
| TYP | |a Printed language | ||
| 980 | |a Mạng thư viện Đại học Đà Nẵng | ||